00907nam a2200217 a 4500001000900000005001700009008004100026020001500067041000800082044000700090050002400097100002900121245018400150260007200334300004100406500003500447500008200482504002900564650006700593700002900660BRCA_78020190320203140.0241005s2005----mx-a---###---#000-0#spa-d a9688644064 aspa amx 4aBX3058.3b.B73 20051 aBravo Galván, Héctor10aEl templo de nuestra Señora de Belén en Guanajuatobhistoria y análisis del conjunto Betlemitacproyecto e investigación Héctor Bravo Galván y Horacio Gnemmi Bohogú. aMéxicobUniversidad de Guanajuato, Facultad de Arquitecturac2005 a92 p.bil. (algunas a color)c41 cm. aIncluye índice de imágenes aTítulo del lomo: El templo de Nuestra Señora de Belén en Guanajuanto; 1 aBibliografía: p. 92-9314aBetlemitasxHistoriaySiglo XVII-XVIIIzGuanajuanto (México)1 aGnemmi Bohogú, Horacio